000 02015nam a2200505 c 4500
999 _c149460
_d149460
003 BLK
005 20250716152035.0
008 180410b bul|||||r ||||||| ||bul||
010 _aKNG00155722000
020 _a978-954-337-205-8
040 _aBLK
041 _aBUL
_cBUL
072 7 _2bullib
_aН37
_xОбразование. Педагогика Н
072 7 _2bullib
_aК
_xКраезнание
080 _aЕдинни училища. Единно средно политехническо училище. Политехническа гимназия
_b373.552
_x(497.215)(091)
_z373.552(497.215)(091)
100 _aГанчев, Румян Стоилов
_9273663
139 _aГанчев, Румян Стоилов и др.
_bГ 22
245 1 0 _aЖива традиция
_bТ. 1 -
_cРумян Стоилов Ганчев; съавт. Ренета Рошкева.
_nТ. 1
_pМъжката гимназия
257 _aBGR
260 _c2013 -
300 _c23 см
380 _a3
650 4 _aСредни училища - България - Русе
_9279831
650 0 _aБългария - история
_9244493
651 4 _aРусе
_9179462
651 4 _aБългария
_9241624
653 _aсредни училища
653 _aгимназии
653 _aСУ "Христо Ботев"
653 _aистория
659 _aК
659 _aН
700 1 _aРошкева, Ренета
_eсъавт.
_9330506
760 1 _aГанчев, Румян Стоилов
_dАвангард принт, 2013
_h360 с. : със сн., факс.
_nСъдържа и за авт. - Библиогр. с. 352-357.
_tТ. 1 Мъжката гимназия
852 _aЦб 267852
852 _aК 373.5/Г 22 Р
856 4 _qpdf
856 4 _qpdf
942 _cKNG
_n0
_018
_s1
944 _aCR
_c17.01.2014
_lХристина Везирева
_k30535
944 _aED
_c06.03.2015
_lф /
_kВаля_Йорданова
999 _d149460
999 _d149460
999 _d149460